00419 a2200121 4500001001000000005001700010008004100027245011200068100001900180700001900199773006200218999001700280ART_1091720260410161849.0260409a 10aNotas sobre la teoría de la distribución y la teoría de la demanda de los factores de la producción1 aPorto, Alberto1 aBerra, Juan C.0 tEconómicag- Año XVII, Nº 3 (sep./dic.1971)wREV7541 c24812d24812